Central Library OPAC University of Rajshahi

Bayesian reliability analysis / (Record no. 73276)

MARC details
000 -LEADER
fixed length control field 00931nam a2200265 a 4500
001 - CONTROL NUMBER
control field 73276
003 - CONTROL NUMBER IDENTIFIER
rucl marc code BD-RjUL
005 - DATE AND TIME OF LATEST TRANSACTION
control field 20211209082354.0
008 - FIXED-LENGTH DATA ELEMENTS--GENERAL INFORMATION
fixed length control field 170529s1982 nyua b 001 0 eng
020 ## - INTERNATIONAL STANDARD BOOK NUMBER
International Standard Book Number 0471864250
035 ## - SYSTEM CONTROL NUMBER
System control number (BD-RjUL)73494
040 ## - CATALOGING SOURCE
Original cataloging agency DLC
Transcribing agency DLC
Modifying agency DLC
-- BD-RjUL
Language of cataloging eng
041 ## - LANGUAGE CODE
Language code of text/sound track or separate title eng
082 00 - DEWEY DECIMAL CLASSIFICATION NUMBER
Edition number 23
Classification number 620.00452
Author mark and year MAB 1982
100 1# - MAIN ENTRY--PERSONAL NAME
Personal name Martz, Harry F.
Fuller form of name (Harry Franklin)
9 (RLIN) 216748
245 10 - TITLE STATEMENT
Title Bayesian reliability analysis /
Statement of responsibility, etc. Harry F. Martz and Ray A. Waller.
260 ## - PUBLICATION, DISTRIBUTION, ETC. (IMPRINT)
Place of publication, distribution, etc. New York :
Name of publisher, distributor, etc. Wiley,
Date of publication, distribution, etc. c1982.
300 ## - PHYSICAL DESCRIPTION
Pagination xix, 745 p. :
Illustrations ill. ;
Size 24 cm.
504 ## - BIBLIOGRAPHY, ETC. NOTE
Bibliography, etc Includes bibliographies and indexes.
650 #0 - SUBJECT ADDED ENTRY--TOPICAL TERM
Topical term or geographic name as entry element Reliability (Engineering)
9 (RLIN) 159803
700 1# - ADDED ENTRY--PERSONAL NAME
Personal name Waller, Ray A.
830 ## - SERIES ADDED ENTRY--UNIFORM TITLE
Uniform title Wiley series in probability and mathematical statistics.
942 ## - ADDED ENTRY ELEMENTS (KOHA)
Source of classification or shelving scheme Dewey Decimal Classification
Koha item type Books
Holdings
Lost status Source of classification or shelving scheme Damaged status Not for loan Collection code Permanent Location Current Location Shelving location Date acquired Source of acquisition Cost, normal purchase price Total Checkouts Full call number Date last seen Copy number Koha item type
  Dewey Decimal Classification   Not For Loan Non-fiction Central Library, University of Rajshahi Central Library, University of Rajshahi Reading Room 04/09/1984 Tappam-Tulip 54.95   620.00452 MAB 1982 29/05/2017 C-1 Books